000 00330nam a22001337a 4500
008 260420b ||||| |||| 00| 0 eng d
020 _a9789928187253
041 _aeng
080 _a1.1
100 _a30
101 _aManual conference
245 _aProceedings
_cKonferenca e tretë Shkencore ndërkombëtare
942 _2udc
_cBK
999 _c60981
_d60981